| 000 | 00674nam a2200205 i 4500 | ||
|---|---|---|---|
| 001 | 152271 | ||
| 003 | ES-MaACL | ||
| 005 | 20251004063159.0 | ||
| 008 | 931025s1892 sp |||| | spa d | ||
| 080 | _a82.09"18" | ||
| 080 | _a821.134.2-32"18" | ||
| 100 | 1 |
_aBobadilla, Emilio, _d1868-1921 _929641 |
|
| 245 | 1 | 0 |
_aTriquitrates, criticas / _cpor Fray Candil. |
| 260 |
_aMadrid : _b[s.n.], _c1892 ( _fEst. tip. de Ricardo Fé) |
||
| 300 |
_aVII, 240 p. ; _c19 cm. |
||
| 594 | _aFray Candil es seud. de Emilio Bobadilla. | ||
| 650 | 4 |
_aLiteratura- _yS.XIX- _xHistoria y crítica. _9142386 |
|
| 852 |
_aES-MaACL _jG-7416 _z-- Enc. pasta |
||
| 999 |
_c152271 _d152271 |
||